Bài tập Hóa học đại cương Dùng cho sinh viên các nhóm ngành I, II, III tất cả các trường Đại học 2T T.2.-1996
ĐỀ cập đến động học hình thức; Nghiên cứu thực nghiệm động hóa học; cơ chế của phản ứng; xúc tác đồng thể; xúc tác dị thể. Trình bày cấu tạo nguyên tử; sự lượng tử hóa năng lượng của nguyên tử; nhiệt động học hóa học; các dữ liệu số....
Đã lưu trong:
| Tác giả chính: | |
|---|---|
| Định dạng: | Sách |
| Năm xuất bản: |
H.
Đại học Quốc Gia
1996
|
| Chủ đề: | |
| Tags: |
Thêm thẻ
Không có thẻ, Hãy là người đầu tiên gắn thẻ bản ghi này!
|
| LEADER | 01417nam a2200193 4500 | ||
|---|---|---|---|
| 082 | |a 540.76 |b D300D | ||
| 100 | |a Rene Dider | ||
| 245 | |a Bài tập Hóa học đại cương |b Dùng cho sinh viên các nhóm ngành I, II, III tất cả các trường Đại học |c Rene Dider, Vũ Đăng Độ dịch |n 2T |p T.2.-1996 | ||
| 260 | |a H. |b Đại học Quốc Gia |c 1996 | ||
| 300 | |a 270 tr. |c 21 cm | ||
| 520 | |a ĐỀ cập đến động học hình thức; Nghiên cứu thực nghiệm động hóa học; cơ chế của phản ứng; xúc tác đồng thể; xúc tác dị thể. Trình bày cấu tạo nguyên tử; sự lượng tử hóa năng lượng của nguyên tử; nhiệt động học hóa học; các dữ liệu số. | ||
| 653 | |a Hóa học | ||
| 653 | |a Đại cương | ||
| 653 | |a Bài tập | ||
| 942 | |2 ddc |c STK0 | ||
| 999 | |c 3526 |d 3526 | ||
| 952 | |0 0 |1 0 |2 ddc |4 0 |6 540_760000000000000_D300D |7 1 |8 500 |9 37129 |a qbu |b qbu |c D3 |d 2014-12-16 |g 54000 |o 540.76 D300D |p 2063.c1 |r 0000-00-00 |w 2014-12-16 |y STK0 |0 0 |6 540_760000000000000_D300D | ||
| 952 | |0 0 |1 0 |2 ddc |4 0 |6 540_760000000000000_D300D |7 0 |8 500 |9 37130 |a qbu |b qbu |c D3 |d 2014-12-16 |g 54000 |l 3 |o 540.76 D300D |p 2063.c2 |r 2016-03-03 |s 2016-03-03 |w 2014-12-16 |y STK0 |0 0 |6 540_760000000000000_D300D | ||
| 952 | |0 0 |1 0 |2 ddc |4 0 |6 540_760000000000000_D300D |7 0 |8 500 |9 37131 |a qbu |b qbu |c D3 |d 2014-12-16 |g 54000 |o 540.76 D300D |p 2063.c3 |r 0000-00-00 |w 2014-12-16 |y STK0 |0 0 |6 540_760000000000000_D300D | ||